000 00849nam a2200277 i 4500
001 C2-0300312
003 PPAK
005 20180728081841.0
008 091104s2009 my a|||| ||||| | may d
020 _a9789675226472
040 _aPPAK
_beng
_cPPAK
_erda
082 0 4 _a658.872
_223
090 0 0 _a658.872
_bZAM
_dG
100 0 _aZamri Mohamad,
_eauthor
245 1 0 _aBuat duit dengan Youtube
264 1 _aBatu Caves, Selangor :
_bPTS Professional Publishing ,
_c2009
300 _avi, 195 pages :
_billustrations ;
_c19 cm
336 _2rdacontent
_atext
337 _2rdamedia
_aunmediated
338 _2rdacarrier
_avolume
490 1 _aSiri internet marketing
650 1 0 _aInternet marketing. ; Youtube (Electronic resource).
700 0 _aMohamad Bahruddin Bekri,
_eeditor
830 0 _aSiri internet marketing
942 _ddc
_cB
999 _c104209
_d104209